000 00446cam a2200181ua 4500
020 _c3.00
041 _ahin
_h
082 _a891.54
_bNAR/KA
100 _aNarendra, .
245 _aKamayani ke adyayan ki samasyayem /
_cNarendra.
_hTextual Documents
250 _a2 /
_b.
260 _aNew Delhi :
_bNational Publishing House ,
_c1965.
300 _a70 ; .
365 _a3.00
504 _a
942 _cBK
999 _c8439
_d8439